Colapsoterapia de la tuberculosis pulmonar / (Record no. 139985)

MARC details
000 -LEADER
campo de control de longitud fija 01013nam a2200253 4500
001 - NÚMERO DE CONTROL
campo de control 139985
003 - IDENTIFICADOR DE NÚMERO DE CONTROL
campo de control ES-MaACL
005 - FECHA Y HORA DE LA ÚLTIMA TRANSACCIÓN
campo de control 20251220185458.0
007 - CAMPO FIJO DE DESCRIPCIÓN FÍSICA--INFORMACIÓN GENERAL
campo de control de longitud fija t|
008 - DATOS DE LONGITUD FIJA--INFORMACIÓN GENERAL
campo de control de longitud fija 070214s1943 sp r ||||1| spa d
100 1# - ENTRADA PRINCIPAL--NOMBRE DE PERSONA
Nombre de persona Hein, Joachim.
9 (RLIN) 62367
245 10 - MENCIÓN DEL TÍTULO
Título Colapsoterapia de la tuberculosis pulmonar /
Mención de responsabilidad, etc. Hein, Kremer, Schmidt ; colaboradores, Hans Alexander... [et al.] ; publicado bajo la dirección de Walter Schmidt ; con un prefacio de los doctores Ludolph Brauer y Ferdinand Sauerbruch ; traducción del alemán por Fernando Saráchaga, Ignacio Bofill.
260 ## - PUBLICACIÓN, DISTRIBUCIÓN, ETC.
Lugar de publicación, distribución, etc. Barcelona :
Nombre del editor, distribuidor, etc. Labor,
Fecha de publicación, distribución, etc. 1943.
300 ## - DESCRIPCIÓN FÍSICA
Extensión 2 v. :
Otras características físicas il. ;
Dimensiones 27 cm +
Material acompañante/anejo 35 tablas.
700 0# - ENTRADA AGREGADA--NOMBRE PERSONAL
Nombre de persona Schmidt, Walter
9 (RLIN) 104495
700 1# - ENTRADA AGREGADA--NOMBRE PERSONAL
Nombre de persona Alexander, Hans.
9 (RLIN) 19767
700 1# - ENTRADA AGREGADA--NOMBRE PERSONAL
Nombre de persona Kremer, Wilhelm.
9 (RLIN) 68807
700 1# - ENTRADA AGREGADA--NOMBRE PERSONAL
Nombre de persona Brauer, L.
9 (RLIN) 31408
700 1# - ENTRADA AGREGADA--NOMBRE PERSONAL
Nombre de persona Sauerbruch, Ferdinand.
9 (RLIN) 103966
700 1# - ENTRADA AGREGADA--NOMBRE PERSONAL
Nombre de persona Saráchaga, Fernando S.
9 (RLIN) 103743
700 1# - ENTRADA AGREGADA--NOMBRE PERSONAL
Nombre de persona Bofill, Ignacio.
9 (RLIN) 29774
852 ## - LOCALIZACIÓN
Ubicación ES-MaACL
Número de control de estantería E-336-37
Sublocalización o colección R.20451
Holdings
Estatus retirado Estado de pérdida Estado de daño No para préstamo Biblioteca de origen Biblioteca actual Ubicación en estantería Fecha de adquisición Fuente de adquisición Total de préstamos Signatura topográfica completa Código de barras Visto por última vez Precio de reemplazo Tipo de ítem Koha
        Biblioteca del Ateneo de Madrid Biblioteca del Ateneo de Madrid Depósito 2 17/01/2008     E-336-37 1145673 23/02/2023 23/02/2023 Libro impreso